State Applications Asking Congress to Call a Federal Constitutional Convention.

By Cyril F. Brickfield.

Bibliographic Details
Corporate Authors: United States. Congress. House. Committee on the Judiciary, ProQuest (Firm)
Format: Government Document eBook
Language:English
Published: [Place of publication not identified] : [publisher not identified], 1959.
Series:U.S. Congressional Research.
Subjects:
Online Access:Connect to the full text of this electronic book

MARC

Tag First Indicator Second Indicator Subfields
LEADER 00000cam a22000001a 4500
001 in00003307113
006 m d f
007 cr bn mmmapmmp
008 100513s1959 dcu o f000 0 eng d
005 20260429190046.0
035 |a cis2007837039 
040 |a LexisNexis  |c LexisNexis  |d UtOrBLW 
043 |a n-us--- 
086 0 |a Y 4.J 89/1:C 79/19 
099 |a CMP-1959-HJH-0006 
110 1 |a United States.  |b Congress.  |b House.  |b Committee on the Judiciary. 
245 1 0 |a State Applications Asking Congress to Call a Federal Constitutional Convention. 
264 1 |a [Place of publication not identified] :  |b [publisher not identified],  |c 1959. 
300 |a 1 online resource. 
336 |a text  |b txt  |2 rdacontent 
337 |a computer  |b c  |2 rdamedia 
338 |a online resource  |b cr  |2 rdacarrier 
500 |a Record is based on bibliographic data in LexisNexis U.S. Congressional Research Digital Collection (last viewed May 2010). Reuse except for individual research requires license from LexisNexis. 
500 |a Print. 
520 |a By Cyril F. Brickfield. 
500 |a Electronic resource. 
650 0 |a Constitutional conventions. 
650 0 |a Federal government. 
650 0 |a Taxation. 
655 7 |a Electronic books.  |2 local 
710 2 |a ProQuest (Firm) 
776 0 8 |i Microfiche version:   |a United States. Congress. House. Committee on the Judiciary.  |t State Applications Asking Congress to Call a Federal Constitutional Convention.  |o H2098 
830 0 |a U.S. Congressional Research. 
856 4 0 |u http://proxy.library.tamu.edu/login?url=https://congressional.proquest.com/congcomp/getdoc?CRDC-ID=CMP-1959-HJH-0006  |z Connect to the full text of this electronic book  |t 0 
999 |a MARS 
999 f f |s c3a0254b-7b98-3f2e-850d-019307b25316  |i 361c1dd1-0d52-3a36-833e-2112dd4483fb  |t 0 
952 f f |a Texas A&M University  |b College Station  |c Electronic Resources  |s www_evans  |d Available Online  |t 0  |e CMP-1959-HJH-0006  |h Other scheme 
998 f f |a CMP-1959-HJH-0006  |t 0  |l Available Online